Statistics for Czech Republic - Turkey UEFA Euro 2016

Click here to take the quiz!

General Stats

  • This quiz has been taken 19 times
  • The average score is 7 of 30

Answer Stats

Answer % Correct
Arda Turan
94%
Petr Čech
63%
Burak Yılmaz ¹
56%
Volkan Babacan
50%
Cenk Tosun
44%
Emre Mor
44%
Selçuk İnan
38%
Gökhan Gönül
38%
Fatih Terim
31%
Hakan Balta
25%
Ozan Tufan ¹
25%
Jaroslav Plašil
25%
İsmail Köybaşı
19%
Vladimír Darida
19%
Mehmet Topal
19%
Olcay Şahan
19%
Oğuzhan Özyakup
19%
Volkan Şen
19%
Milan Škoda
19%
Pavel Kadeřábek
13%
Roman Hubník
13%
Josef Šural
13%
Pavel Vrba
6%
Tomáš Sivok
6%
Ladislav Krejčí
6%
Tomáš Necid
6%
Bořek Dočkal
6%
Daniel Kolář
0%
David Pavelka
0%
Daniel Pudil
0%

Score Distribution

Percentile by Number Answered

Percent of People with Each Score

Your Score History

You have not taken this quiz